La Chanson des Restos - Paroles - Statistiques

Statistiques générales
  • Ce quiz a été pris 8 755 fois
  • Le résultat moyen est 361 sur 500
Statistiques - réponses
Paroles % Correct
à
99%
À
99%
a
99%
d'
98%
l'
98%
le
97%
n'
97%
On
97%
on
97%
plus
95%
avoir
94%
c'
94%
C'
94%
droit
94%
faim
94%
faim.
94%
Aujourd'
93%
aujourd'
93%
froid.
93%
froid
93%
ni
93%
m'
92%
J'
91%
t'
91%
hui
90%
hui.
90%
je
87%
Je
87%
de
86%
soi,
86%
pour
85%
et
84%
ma
84%
les
83%
Moi
83%
moi.
83%
du
81%
toi
81%
chacun
80%
pas
80%
pense
80%
cœur.
79%
manger
79%
restos,
79%
restos
79%
boire.
78%
boire,
78%
un
78%
mais
74%
peu
74%
juste
73%
grand
72%
chaleur
71%
soir
71%
te
69%
dans
67%
pain
64%
promets
64%
quand
62%
Dépassé
58%
est
52%
ou
52%
la
50%
qui
50%
ont
49%
ai
46%
rien
46%
rien.
46%
ceux
45%
vous
44%
en
38%
tous
37%
rancard
35%
ça
34%
sans
34%
se
34%
nous
33%
file
32%
si
31%
hiver
30%
baratin.
29%
une
29%
y
29%
y !
29%
Y
29%
discours
27%
tout
26%
idéologie,
25%
fait
23%
promettra
23%
toujours
23%
toujours,
23%
mes
22%
vie
21%
nos
20%
faute
19%
chômage,
18%
demain
18%
partage,
18%
passe
18%
sont
18%
change
17%
peux
17%
recalés
17%
dire
16%
table,
16%
aider
15%
autres
15%
dormir
15%
égoïste,
15%
exclus
15%
peut-être
15%
place
15%
âge
14%
deviendrait
14%
gâteau,
14%
liste.
14%
pensons
14%
soupe,
14%
vraiment
14%
coin
13%
empêche
13%
étable.
13%
ici,
13%
ici
13%
noms
13%
privés
13%
allons-
12%
Autrefois
12%
bien
12%
chaise,
12%
changer
12%
closes,
12%
conscience,
12%
gâche
12%
gardait
12%
grossiront
12%
mauvaise
12%
overdose.
12%
portes
12%
solution
12%
goût
11%
paupières
11%
plaisirs.
11%
heures,
10%
quelques
10%
trop
10%
inventaire
8%
misères,
8%
Aucun quiz correspondant
Distribution des résultats
% des personnes avec chaque résultat
Percentile par nombre de réponses
Votre historique - résultats
Vous n’avez pas pris ce quiz